000 01263nam a2200397 a 4500
001 000002160
003 DO-SdBPM
005 20260212104628.0
007 ta
008 090701s2000 mx a 001 0 spa d
020 _a9681864182
040 _aDO-SdBPM
_bspa
_cBPMSU
_erda
082 4 _a620.4
_bV748d 2004
_222
100 1 _aWright, Paul H.
_eautor
_4aut.
245 1 0 _aIntroducción a la ingeniería/
_cPaul H. Wright ; con la colaboración en la traducción de Raúl Arrioja Juárez.
250 _a3a. ed.
260 0 _a
_b
_c
264 _aMéxico :
_bLisusa Wiley ;
_c2004
300 _a297 páginas :
_bilustraciones ;
_c25 cm.
336 _atexto
_btxt
_2rdacontent
337 _asin mediación
_bn
_2rdamedia
338 _avolumen
_bnc
_2rdacarrier
500 _aIncluye índice
534 _pTítulo original :
_tIntroduction to engineering.
590 _aInventariado, 2026/VM
650 7 _aIngeniería.
650 7 _aIngeniería
_x Historia.
700 1 _aArrioja Juárez, Raúl,
_etraductor
910 _aVMateo V. Control de calidad BPMSU
930 1 _l
_m
_h
_8
_f
_p
_g
942 _2ddc
_cBK
945 _aInvetariado / 2017 VM
956 _a
_b
_c
_l
_h
956 _a
_b
_c
_l
_h
956 _a
_b
_c
_l
_h
999 _c15688
_d15688